[Event "Moscow op-A"]
[Site "Moscow"]
[Date "2016.02.04"]
[Round "6"]
[White "Chemurziev, Ruslan"]
[Black "Manafov, Vugar Gulam"]
[Result "1-0"]
[WhiteElo "2224"]
[BlackElo "2052"]
[PlyCount "111"]
[EventDate "2016.01.30"]
[EventType "swiss"]
[EventRounds "9"]
[EventCountry "RUS"]
[SourceTitle "CBM 170 Extra"]
[Source "ChessBase"]
[SourceDate "2016.02.25"]
[SourceVersion "1"]
[SourceVersionDate "2016.02.25"]
[SourceQuality "1"]

1. d4 d6 2. c4 g6 3. Nf3 Bg7 4. Nc3 Nc6 5. d5 Nb8 6. e4 Bg4 7. Be2 Nd7 8. 0-0 Ngf6 9. h3 Bxf3 10. Bxf3 a5 11. Be3 0-0 12. Qc2 b6 13. Rac1 Nc5 14. b3 Rb8 15. a3 e5 16. b4 Nb7 17. Be2 Nd7 18. Bd3 Bf6 19. g3 Re8 20. Kh2 Bg7 21. Rce1 Nf6 22. f4 exf4 23. gxf4 Nh5 24. Nb5 axb4 25. axb4 Ra8 26. Be2 Nf6 27. Bf3 Ra6 28. Bd4 Nd7 29. Bxg7 Kxg7 30. Qc3+ Kg8 31. Re2 Ra4 32. e5 dxe5 33. fxe5 f6 34. e6 Ne5 35. Bg2 Nd6 36. Nxd6 Qxd6 37. Kh1 Qe7 38. Ref2 Rf8 39. Rb2 Rd8 40. Rc1 h5 41. Qb3 Ra7 42. Qd1 Ra3 43. Rb3 Rxb3 44. Qxb3 Ra8 45. c5 bxc5 46. bxc5 g5 47. d6 cxd6 48. c6 Rc8 49. c7 Kg7 50. Qc3 Qxe6 51. Bb7 g4 52. Bxc8 Qxc8 53. Qb3 gxh3 54. Qb8 Qf5 55. Qb7 Qf4 56. c8Q+ 1-0

[Event "Moscow op-A"]
[Site "Moscow"]
[Date "2016.02.02"]
[Round "4"]
[White "Chemurziev, Ruslan"]
[Black "Golikov, Daniil"]
[Result "1/2-1/2"]
[WhiteElo "2224"]
[BlackElo "2043"]
[PlyCount "76"]
[EventDate "2016.01.30"]
[EventType "swiss"]
[EventRounds "9"]
[EventCountry "RUS"]
[SourceTitle "CBM 170 Extra"]
[Source "ChessBase"]
[SourceDate "2016.02.25"]
[SourceVersion "1"]
[SourceVersionDate "2016.02.25"]
[SourceQuality "1"]

1. d4 d5 2. c4 c6 3. Nf3 Nf6 4. Nc3 e6 5. e3 Nbd7 6. Qc2 Bd6 7. Bd3 0-0 8. 0-0 Qe7 9. e4 dxe4 10. Nxe4 Nxe4 11. Bxe4 Nf6 12. Bd3 c5 13. dxc5 Bxc5 14. Bd2 b6 15. Bc3 Bb7 16. Qe2 Rfd8 17. Rad1 Bb4 18. Be5 Bd6 19. Bg3 Bxg3 20. hxg3 Rd6 21. Bb1 Rad8 22. Ne5 g6 23. Bc2 Qc7 24. b4 Rxd1 25. Rxd1 Rxd1+ 26. Bxd1 Ne4 27. Qb2 f6 28. Ng4 Qxc4 29. Bf3 e5 30. Bxe4 Bxe4 31. Nxf6+ Kf7 32. Ng4 Qd5 33. f3 Ke6 34. Qc3 Bb1 35. Qc8+ Qd7 36. Qc4+ Qd5 37. Qc8+ Qd7 38. Qc4+ Qd5 1/2-1/2

[Event "Moscow op-A"]
[Site "Moscow"]
[Date "2016.01.31"]
[Round "2"]
[White "Usmanov, Vasily"]
[Black "Chemurziev, Ruslan"]
[Result "1/2-1/2"]
[WhiteElo "2451"]
[BlackElo "2224"]
[PlyCount "90"]
[EventDate "2016.01.30"]
[EventType "swiss"]
[EventRounds "9"]
[EventCountry "RUS"]
[SourceTitle "CBM 170 Extra"]
[Source "ChessBase"]
[SourceDate "2016.02.25"]
[SourceVersion "1"]
[SourceVersionDate "2016.02.25"]
[SourceQuality "1"]

1. d4 c6 2. Nf3 d5 3. c4 Nf6 4. Qc2 dxc4 5. Qxc4 Bf5 6. g3 e6 7. Bg2 Nbd7 8. 0-0 h6 9. Rd1 Be7 10. e3 0-0 11. Qe2 Ne4 12. Ne1 Qa5 13. f3 Nef6 14. e4 Bh7 15. Nc3 Rad8 16. Nd3 e5 17. Be3 exd4 18. Bxd4 Rfe8 19. Qf2 c5 20. Be3 g5 21. Rac1 c4 22. b4 Bxb4 23. Nxb4 Qxb4 24. Bxa7 b6 25. Nd5 Nxd5 26. Rxd5 Qa3 27. Rxc4 Qxa7 28. Rcd4 Ra8 29. Rxd7 Qxa2 30. Rd2 Qb1+ 31. Rd1 Qb3 32. Bf1 Ra2 33. Qd4 Qb2 34. Qxb2 Rxb2 35. Bc4 Bg6 36. R1d6 Kf8 37. Bd5 Rc8 38. Rd8+ Rxd8 39. Rxd8+ Ke7 40. Rb8 Kd6 41. Rd8+ Ke5 42. Bc4 Kf6 43. Rd7 b5 44. Rb7 b4 45. Kf1 Ke5 1/2-1/2